[Event "21.Wörishofen-Seniorenen op"]
[Site "Bad Wörishofen (03.03.-11.03)"]
[Date "2005.03.06"]
[Round "4.71"]
[White "Seitz, Heinz[39Nbg]"]
[Black "Weber, Siegfried[27Fechh']"]
[Result "0-1"]
[WhiteElo "1457"]
[BlackElo "1554"]
[PlyCount "116"]
[EventDate "2005.03.??"]
[Source "Chessorg"]
[SourceDate "2005.12.10"]

1. d4 d6 2. h3 Nd7 3. Nf3 g6 4. e3 Bg7 5. Bd3 Ngf6 6. Nc3 O-O 7. O-O a6 8. a4
b6 9. Nd2 Bb7 10. f4 c5 11. Ne2 Rc8 12. c4 d5 13. Rb1 dxc4 14. Bxc4 Ne4 15.
Nxe4 Bxe4 16. Bd3 Bxd3 17. Qxd3 c4 18. Qd1 Nf6 19. Ng3 e6 20. Bd2 b5 21. Rc1
Qb6 22. b3 cxb3 23. Qxb3 Qb7 24. axb5 axb5 25. Rb1 Rb8 26. Rb2 h5 27. h4 Ne4
28. Nxe4 Qxe4 29. Qc2 Qd5 30. Qd3 Qc4 31. Qxc4 bxc4 32. Rxb8 Rxb8 33. Bc3 Bf8
34. Rc1 Rc8 35. Kf2 Be7 36. g3 f5 37. Kf3 Kf7 38. Ke2 Ra8 39. Rb1 Ra2+ 40. Rb2
Rxb2+ 41. Bxb2 Bb4 42. Kd1 Ke7 43. Kc2 Be1 44. Ba3+ Kf7 45. Bd6 Bxg3 46. Kc3
Bxh4 47. Kxc4 Bf2 48. Kd3 h4 49. Ke2 Bg1 50. Be5 h3 51. Kf3 Ke8 52. Kg3 h2 53.
Kg2 Kd7 54. Kh1 Kc6 55. Bf6 Kd5 56. Bh4 Ke4 57. Bf6 Kxe3 58. Be5 Ke4 0-1

[Event "21.Wörishofen-Seniorenen op"]
[Site "Bad Wörishofen (03.03.-11.03)"]
[Date "2005.03.06"]
[Round "4.72"]
[White "Meyts, Jozef Adolf"]
[Black "Hennige, Anneliese"]
[Result "1-0"]
[WhiteElo "1200"]
[BlackElo "1034"]
[PlyCount "69"]
[EventDate "2005.03.??"]
[Source "Chessorg"]
[SourceDate "2005.12.10"]

1. e4 e6 2. d4 d5 3. e5 Nc6 4. f4 Bb4+ 5. c3 Ba5 6. a4 Nge7 7. Bb5 a6 8. Be2
O-O 9. b4 Bb6 10. a5 Ba7 11. Nf3 Nf5 12. Na3 Nce7 13. g4 Nh6 14. Ng5 f6 15.
exf6 Rxf6 16. Bd3 Ng6 17. Bxg6 hxg6 18. Nh3 Rf8 19. g5 Nf5 20. Nc2 Qd7 21. Ng1
Nd6 22. Nf3 Qc6 23. Ne5 Qxc3+ 24. Bd2 Qh3 25. Nxg6 Rf7 26. Qe2 Ne4 27. O-O-O
Qb3 28. Qh5 Rd7 29. Qh8+ Kf7 30. Ne5+ Ke7 31. Qxg7+ Kd6 32. Qf8+ Re7 33. Ng6
Bxd4 34. Qxe7+ Kc6 35. Nxd4# 1-0

[Event "21.Wörishofen-Seniorenen op"]
[Site "Bad Wörishofen (03.03.-11.03)"]
[Date "2005.03.06"]
[Round "4.73"]
[White "Weibrecht, Carl"]
[Black "Schafroth, Georg"]
[Result "1-0"]
[WhiteElo "1471"]
[BlackElo "1367"]
[PlyCount "64"]
[EventDate "2005.03.??"]
[Source "Chessorg"]
[SourceDate "2005.12.10"]

1. c4 c5 2. Nc3 Nc6 3. g3 d6 4. Bg2 Bd7 5. e3 e6 6. Nge2 Nf6 7. O-O Be7 8. d4
cxd4 9. exd4 Qc7 10. a3 a6 11. b4 Nd8 12. c5 d5 13. Bf4 Qc8 14. Be5 Nc6 15. f4
O-O 16. Na4 Bd8 17. Nac3 Ng4 18. Rf3 Nf6 19. b5 axb5 20. Nxb5 Nxe5 21. fxe5
Bxb5 22. exf6 Bxf6 23. Nc3 Ba6 24. Bh3 h6 25. Nxd5 Qd8 26. Nxf6+ gxf6 27. Qd2
Kg7 28. Rf4 f5 29. Qc3 Qd5 30. Bg2 Qd8 31. Rb1 Rb8 32. Rb6 Qd5 1-0

[Event "21.Wörishofen-Seniorenen op"]
[Site "Bad Wörishofen (03.03.-11.03)"]
[Date "2005.03.07"]
[Round "5.1"]
[White "Villing, Dieter"]
[Black "Goy, Udo"]
[Result "0-1"]
[WhiteElo "2163"]
[BlackElo "2163"]
[PlyCount "118"]
[EventDate "2005.03.??"]
[Source "Chessorg"]
[SourceDate "2005.12.10"]

1. e4 d6 2. d4 Nf6 3. Nc3 g6 4. Bc4 c6 5. Qe2 d5 6. exd5 cxd5 7. Bb3 Nc6 8. Nf3
Bg7 9. h3 O-O 10. Bg5 Be6 11. O-O-O Na5 12. Ne5 Rc8 13. Bxf6 exf6 14. Nd3 Re8
15. Qf3 Nxb3+ 16. axb3 Qa5 17. Kb1 f5 18. Ne5 Red8 19. Qg3 b5 20. Rhe1 Bf8 21.
h4 Rd6 22. h5 Ra6 23. Kc1 f4 24. Qf3 Bb4 25. Kd2 Qc7 26. hxg6 hxg6 27. Qxf4
Bxc3+ 28. bxc3 Qxc3+ 29. Ke2 Qxc2+ 30. Kf1 Qf5 31. Qg3 Ra2 32. Rd3 b4 33. Rf3
Rc3 34. Qh4 Rxf3 35. Nxf3 Qh5 36. Qd8+ Kg7 37. Kg1 Qf5 38. Qe7 a5 39. Qh4 f6
40. Qg3 Bf7 41. Qh4 g5 42. Qg3 Qf4 43. Qh3 Rc2 44. Qd7 Rc1 45. Qe7 Rxe1+ 46.
Qxe1 Qe4 47. Qa1 Qc2 48. Qxa5 Qxb3 49. Kh2 Qb1 50. Qb6 Qb2 51. Qb8 b3 52. Nxg5
Qxf2 53. Nh3 Qe3 54. Qb7 Kg6 55. g3 Qd2+ 56. Kh1 Qc1+ 57. Kg2 Qc2+ 58. Kh1 b2
59. Nf4+ Kh6 0-1

[Event "21.Wörishofen-Seniorenen op"]
[Site "Bad Wörishofen (03.03.-11.03)"]
[Date "2005.03.07"]
[Round "5.2"]
[White "Budt, Karl-Heinz"]
[Black "Zunker, Reinhard,Dr."]
[Result "0-1"]
[WhiteElo "2002"]
[BlackElo "2122"]
[PlyCount "153"]
[EventDate "2005.03.??"]
[Source "Chessorg"]
[SourceDate "2005.12.10"]

1. c4 Nf6 2. Nc3 d6 3. d4 g6 4. e4 Bg7 5. Be2 O-O 6. Nf3 e5 7. d5 Nh5 8. g3 f5
9. exf5 Bxf5 10. Ng5 Bd7 11. Bxh5 gxh5 12. Qxh5 h6 13. Nge4 Be8 14. Qe2 Nd7 15.
Be3 Nf6 16. O-O Qd7 17. Nxf6+ Rxf6 18. Ne4 Rf8 19. f3 a6 20. Rad1 Bg6 21. b3
Rf7 22. c5 Qb5 23. Qxb5 axb5 24. cxd6 Bxe4 25. fxe4 Rxf1+ 26. Kxf1 cxd6 27. Rd2
Rc8 28. Ke2 Rc1 29. Kd3 Ra1 30. Rc2 Rd1+ 31. Bd2 Rh1 32. Bb4 Bf8 33. Rc8 Kf7
34. Rc7+ Kf6 35. Rxb7 Rxh2 36. Bd2 Rg2 37. Be1 Rxa2 38. Rxb5 Ra1 39. Ke2 h5 40.
Ra5 Rb1 41. b4 Rb2+ 42. Kd3 Rb1 43. Ke2 Rb2+ 44. Kf1 Rb1 45. Ra2 Bh6 46. Rf2+
Kg6 47. Re2 Bg5 48. Kg2 Bc1 49. Ra2 Bg5 50. Bc3 Rb3 51. Rc2 Be3 52. Be1 Rb1 53.
Bc3 Rb3 54. Kh3 Bg5 55. Kg2 Be3 56. Be1 Rb1 57. Kf1 Bg5 58. Ke2 Be7 59. Rc7 Bf8
60. Bd2 Rb3 61. Bc3 Rb1 62. Kd3 Rg1 63. b5 Rxg3+ 64. Kc4 h4 65. b6 h3 66. b7 h2
67. b8=Q Rxc3+ 68. Kxc3 h1=Q 69. Qe8+ Kg5 70. Qd8+ Kg6 71. Qe8+ Kg5 72. Rc4
Qe1+ 73. Kb3 Qe3+ 74. Kb4 Qb6+ 75. Qb5 Qe3 76. Qa5 Be7 77. Kb5 0-1

[Event "21.Wörishofen-Seniorenen op"]
[Site "Bad Wörishofen (03.03.-11.03)"]
[Date "2005.03.07"]
[Round "5.3"]
[White "Bierwisch, Bernhard"]
[Black "Igney, Volkhard"]
[Result "1/2-1/2"]
[WhiteElo "2117"]
[BlackElo "2178"]
[PlyCount "48"]
[EventDate "2005.03.??"]
[Source "Chessorg"]
[SourceDate "2005.12.10"]

1. e4 c6 2. d4 d5 3. Nc3 dxe4 4. Nxe4 Nd7 5. Nf3 Ngf6 6. Nxf6+ Nxf6 7. Bd3 Bg4
8. c3 Qc7 9. h3 Bh5 10. Qe2 e6 11. g4 Bg6 12. Ne5 Bxd3 13. Nxd3 Bd6 14. Bd2 O-O
15. O-O c5 16. dxc5 Bxc5 17. Bf4 Bd6 18. Bxd6 Qxd6 19. Rad1 Rfd8 20. Ne5 Qc7
21. c4 h6 22. Kg2 Rxd1 23. Rxd1 Rd8 24. Rxd8+ Qxd8 1/2-1/2

[Event "21.Wörishofen-Seniorenen op"]
[Site "Bad Wörishofen (03.03.-11.03)"]
[Date "2005.03.07"]
[Round "5.4"]
[White "Minz, Michael"]
[Black "Wunderer, Eckart"]
[Result "1/2-1/2"]
[WhiteElo "2055"]
[BlackElo "2006"]
[PlyCount "54"]
[EventDate "2005.03.??"]
[Source "Chessorg"]
[SourceDate "2005.12.10"]

1. e4 c6 2. d4 d6 3. c3 Qc7 4. Bd3 e5 5. dxe5 dxe5 6. h3 Nf6 7. Nf3 Be7 8. O-O
O-O 9. Qe2 Nbd7 10. Bc2 a5 11. Nh4 Re8 12. Nf5 Bf8 13. Be3 Nc5 14. Qf3 Ne6 15.
a4 Nf4 16. g3 Bxf5 17. gxf4 Bg6 18. f5 Bh5 19. Qg3 g6 20. Nd2 Be2 21. Rfe1 Nh5
22. Qg2 Ba6 23. fxg6 hxg6 24. Bb3 Kh7 25. Bc4 Bxc4 26. Nxc4 Nf4 27. Bxf4 exf4
1/2-1/2

[Event "21.Wörishofen-Seniorenen op"]
[Site "Bad Wörishofen (03.03.-11.03)"]
[Date "2005.03.07"]
[Round "5.5"]
[White "Hoennekes, Klaus"]
[Black "Papenbrock, Volker"]
[Result "1/2-1/2"]
[WhiteElo "2011"]
[BlackElo "2085"]
[PlyCount "85"]
[EventDate "2005.03.??"]
[Source "Chessorg"]
[SourceDate "2005.12.10"]

1. e4 g6 2. f4 Bg7 3. Nf3 d6 4. Nc3 Nf6 5. d3 Bg4 6. Be2 c5 7. h3 Bxf3 8. Bxf3
Nc6 9. O-O O-O 10. g4 Nd7 11. g5 Nd4 12. Bg2 Rb8 13. Ne2 Nxe2+ 14. Qxe2 b5 15.
c3 a5 16. Be3 a4 17. d4 Qb6 18. e5 e6 19. dxc5 Nxc5 20. exd6 Qxd6 21. Rad1 Qe7
22. a3 Rfc8 23. h4 Nb3 24. h5 Na5 25. h6 Bh8 26. Qf2 Rd8 27. Bc5 Qe8 28. Ba7
Rxd1 29. Rxd1 Rc8 30. Bf1 Nc4 31. Bb6 Qc6 32. Be3 e5 33. Bh3 exf4 34. Bxf4 Rf8
35. Bd7 Qe4 36. Re1 Qd5 37. Bh3 Be5 38. Bxe5 Nxe5 39. Bg2 Qd6 40. Qd4 Nf3+ 41.
Bxf3 Qg3+ 42. Kf1 Qxf3+ 43. Qf2 1/2-1/2

[Event "21.Wörishofen-Seniorenen op"]
[Site "Bad Wörishofen (03.03.-11.03)"]
[Date "2005.03.07"]
[Round "5.6"]
[White "Hein, Manfred[36Gunzenh]"]
[Black "Fischer, Johann[35München]"]
[Result "0-1"]
[WhiteElo "2038"]
[BlackElo "2238"]
[PlyCount "104"]
[EventDate "2005.03.??"]
[Source "Chessorg"]
[SourceDate "2005.12.10"]

1. e4 c5 2. Nf3 d6 3. d4 cxd4 4. Nxd4 Nf6 5. Nc3 a6 6. Be2 e6 7. Be3 Nbd7 8.
O-O b5 9. f3 Bb7 10. Qd2 Be7 11. Rfc1 O-O 12. Nd1 d5 13. exd5 Nxd5 14. c3 Nxe3
15. Nxe3 Nc5 16. Nf1 Qb6 17. Kh1 Bf6 18. Rd1 Rfd8 19. Qe3 Na4 20. Rab1 e5 21.
Nb3 Qe6 22. Na5 Bd5 23. b3 Nb6 24. Bd3 Rac8 25. Be4 Be7 26. Ng3 g6 27. Ne2 f5
28. Bxd5 Nxd5 29. Qc1 f4 30. c4 Ne3 31. Rxd8+ Rxd8 32. Qe1 b4 33. c5 Bxc5 34.
Nb7 Rd5 35. Nxc5 Rxc5 36. Qxb4 Rc2 37. Rc1 Rxc1+ 38. Nxc1 Qd5 39. Qe1 Qd4 40.
Ne2 Qb2 41. Qa5 Qxe2 42. Qd8+ Kf7 43. Qd7+ Kf6 44. Qd8+ Ke6 45. Qc8+ Kd6 46.
Qd8+ Kc5 47. Qa5+ Kd4 48. Qb6+ Kc3 49. Qc5+ Kd3 50. Qd6+ Kc2 51. Qc5+ Kd1 52.
Qd6+ Ke1 0-1

[Event "21.Wörishofen-Seniorenen op"]
[Site "Bad Wörishofen (03.03.-11.03)"]
[Date "2005.03.07"]
[Round "5.7"]
[White "Packroff, Hermann"]
[Black "Schuler, Georg"]
[Result "1-0"]
[WhiteElo "2103"]
[BlackElo "1885"]
[PlyCount "71"]
[EventDate "2005.03.??"]
[Source "Chessorg"]
[SourceDate "2005.12.10"]

1. e4 c5 2. Nf3 e6 3. d4 cxd4 4. Nxd4 a6 5. c4 Qc7 6. a3 Nf6 7. Nc3 Nc6 8. Be3
Be7 9. Bd3 d6 10. Rc1 Bd7 11. O-O Ne5 12. h3 Nxd3 13. Qxd3 Bc6 14. Nd5 Qd8 15.
Nxc6 bxc6 16. Bb6 cxd5 17. Bxd8 dxe4 18. Qd4 Rxd8 19. Qb6 O-O 20. Qxa6 d5 21.
c5 d4 22. Qc4 d3 23. b4 Ra8 24. Ra1 Rfd8 25. a4 e5 26. a5 Rd4 27. Qb5 Rdd8 28.
a6 Nd5 29. Qc4 Nf6 30. a7 d2 31. b5 Nd7 32. c6 Nb6 33. Qxe4 Rxa7 34. Rxa7 d1=Q
35. Rxd1 Rxd1+ 36. Kh2 1-0

[Event "21.Wörishofen-Seniorenen op"]
[Site "Bad Wörishofen (03.03.-11.03)"]
[Date "2005.03.07"]
[Round "5.8"]
[White "Reimann, Guenther"]
[Black "Neese, Hans-Joachim"]
[Result "1/2-1/2"]
[WhiteElo "1927"]
[BlackElo "2100"]
[PlyCount "37"]
[EventDate "2005.03.??"]
[Source "Chessorg"]
[SourceDate "2005.12.10"]

1. c4 Nf6 2. Nf3 c5 3. g3 b6 4. Bg2 Bb7 5. O-O e6 6. d3 Be7 7. Nbd2 O-O 8. a3
d5 9. Qc2 Nc6 10. b3 Qc7 11. e3 Rad8 12. Bb2 Ne8 13. Rfd1 f5 14. d4 Nf6 15.
cxd5 Nxd5 16. Rac1 Rc8 17. dxc5 bxc5 18. Nc4 Bf6 19. Bxf6 1/2-1/2

[Event "21.Wörishofen-Seniorenen op"]
[Site "Bad Wörishofen (03.03.-11.03)"]
[Date "2005.03.07"]
[Round "5.9"]
[White "Wild, Gerhard[33Ladenb]"]
[Black "Fahnenschmidt, Gerhard,Dr."]
[Result "0-1"]
[WhiteElo "1870"]
[BlackElo "2020"]
[PlyCount "102"]
[EventDate "2005.03.??"]
[Source "Chessorg"]
[SourceDate "2005.12.10"]

1. d4 Nf6 2. Nf3 c5 3. c4 cxd4 4. Nxd4 e5 5. Nf3 e4 6. Nd4 d5 7. e3 Nc6 8. Nxc6
bxc6 9. Be2 Bd6 10. Nc3 O-O 11. O-O Qe7 12. cxd5 Qe5 13. g3 cxd5 14. Nb5 Bc5
15. Nd4 Bh3 16. Re1 Rfc8 17. Nb3 Bb6 18. Nd4 Bxd4 19. exd4 Qf5 20. Be3 Bg4 21.
Kg2 Rc6 22. Bxg4 Nxg4 23. Rc1 Rxc1 24. Qxc1 Rc8 25. Qd1 h5 26. h3 Nf6 27. Qe2
g5 28. Rc1 Rxc1 29. Bxc1 g4 30. h4 Qf3+ 31. Qxf3 gxf3+ 32. Kf1 Kf8 33. Ke1 Ke8
34. Kd1 Kd7 35. Bd2 Ng4 36. Ke1 Kc6 37. a4 a6 38. b4 f5 39. Bg5 Kd7 40. Bd2 Nf6
41. Bg5 Ng4 42. Bd2 Nf6 43. Bg5 Ne8 44. Bf4 Ng7 45. Be3 Kc6 46. Bd2 Ne6 47. Bc3
e3 48. g4 hxg4 49. h5 e2 50. h6 g3 51. h7 g2 0-1

[Event "21.Wörishofen-Seniorenen op"]
[Site "Bad Wörishofen (03.03.-11.03)"]
[Date "2005.03.07"]
[Round "5.10"]
[White "Mentel, Juergen,Dr."]
[Black "Riedel, Lutz"]
[Result "0-1"]
[WhiteElo "1963"]
[BlackElo "2010"]
[PlyCount "108"]
[EventDate "2005.03.??"]
[Source "Chessorg"]
[SourceDate "2005.12.10"]

1. e4 c5 2. Nf3 Nc6 3. Bb5 Nf6 4. e5 Nd5 5. Nc3 Nc7 6. Bxc6 dxc6 7. d3 Bg4 8.
h3 Bf5 9. O-O h6 10. Qe2 Ne6 11. Be3 g5 12. Ne4 b6 13. Ng3 Bg6 14. Nd2 Bg7 15.
Nf3 Qc7 16. Bd2 Rd8 17. Bc3 b5 18. b3 a5 19. Rae1 Rd7 20. Nd2 h5 21. Qf3 Rd4
22. Bxd4 Nxd4 23. Qd1 Bxe5 24. Nge4 g4 25. h4 Nf5 26. g3 Bd4 27. Kg2 Qa7 28.
Qe2 O-O 29. c3 Bg7 30. f3 Nh6 31. Qe3 b4 32. c4 Nf5 33. Qxc5 Qc7 34. Qg1 Bd4
35. Qh1 Ne3+ 36. Rxe3 Bxe3 37. Rd1 f5 38. Ng5 Qd6 39. Qf1 Rd8 40. fxg4 hxg4 41.
h5 Bxg5 42. hxg6 Qxd3 43. Qe1 Qe3 44. Nf1 Qxe1 45. Rxe1 Bf6 46. Re6 c5 47. Ne3
Rd2+ 48. Kf1 Kg7 49. Nxf5+ Kxg6 50. Ne3 Rxa2 51. Rc6 a4 52. Nxg4 axb3 53. Ne5+
Kg7 54. Nd3 Rd2 0-1

[Event "21.Wörishofen-Seniorenen op"]
[Site "Bad Wörishofen (03.03.-11.03)"]
[Date "2005.03.07"]
[Round "5.11"]
[White "Kripp, Wolfgang"]
[Black "Fels, Karl-Heinz"]
[Result "1-0"]
[WhiteElo "2038"]
[BlackElo "1785"]
[PlyCount "109"]
[EventDate "2005.03.??"]
[Source "Chessorg"]
[SourceDate "2005.12.10"]

1. e4 e5 2. Nf3 Nc6 3. d4 exd4 4. c3 d5 5. exd5 Qxd5 6. cxd4 Bg4 7. Be2 O-O-O
8. Nc3 Bb4 9. O-O Qa5 10. Qb3 Qh5 11. d5 Nge7 12. dxc6 Nxc6 13. h3 Be6 14. Bc4
Rhe8 15. Bxe6+ Rxe6 16. Bf4 Rg6 17. Bg3 Bd6 18. Ne4 Bxg3 19. Nxg3 Qd5 20. Qxd5
Rxd5 21. Rad1 Rgd6 22. Rxd5 Rxd5 23. Re1 Kd7 24. Ne4 h6 25. g4 a6 26. Kg2 b5
27. Rc1 a5 28. Nc5+ Kd6 29. Ne4+ Kd7 30. Nc3 Rc5 31. a3 b4 32. axb4 axb4 33.
Rd1+ Ke6 34. Ne4 Rc2 35. b3 f6 36. h4 Ke7 37. h5 Ke6 38. Kg3 Ke7 39. Rd2 Rc1
40. Kf4 Ke6 41. Nd4+ Nxd4 42. Rxd4 c5 43. Rd6+ Ke7 44. Rc6 c4 45. bxc4 b3 46.
Rb6 Rxc4 47. Rxb3 Rc7 48. Kf5 Kf7 49. f4 Rd7 50. Rb7 Rxb7 51. Nd6+ Kg8 52. Nxb7
Kh7 53. Nd8 Kg8 54. Kg6 Kh8 55. Ne6 1-0

[Event "21.Wörishofen-Seniorenen op"]
[Site "Bad Wörishofen (03.03.-11.03)"]
[Date "2005.03.07"]
[Round "5.12"]
[White "Fischer, Ernst[37Weiden]"]
[Black "Blosze, Winfried"]
[Result "1-0"]
[WhiteElo "1940"]
[BlackElo "1688"]
[PlyCount "53"]
[EventDate "2005.03.??"]
[Source "Chessorg"]
[SourceDate "2005.12.10"]

1. d4 g6 2. Nf3 Bg7 3. e4 d6 4. Nc3 c6 5. Be3 Bg4 6. Be2 Nd7 7. Qd2 Ngf6 8. Bh6
O-O 9. h3 Bxf3 10. Bxf3 Qc7 11. h4 c5 12. Bxg7 Kxg7 13. h5 Rh8 14. h6+ Kf8 15.
g4 cxd4 16. Qxd4 Qc5 17. Qxc5 Nxc5 18. g5 Nfd7 19. O-O-O a6 20. Be2 Ne6 21.
Rhg1 Ne5 22. Nd5 Rd8 23. f4 Nd7 24. Rg3 Nec5 25. Re3 e6 26. Nc3 Ke7 27. b4 1-0

[Event "21.Wörishofen-Seniorenen op"]
[Site "Bad Wörishofen (03.03.-11.03)"]
[Date "2005.03.07"]
[Round "5.13"]
[White "Schumacher, Horst[36Holtenau]"]
[Black "Knebel, Willi"]
[Result "0-1"]
[WhiteElo "1723"]
[BlackElo "1937"]
[PlyCount "26"]
[EventDate "2005.03.??"]
[Source "Chessorg"]
[SourceDate "2005.12.10"]

1. e4 c5 2. d4 cxd4 3. c3 Nf6 4. e5 Nd5 5. Qxd4 Nb6 6. Nf3 Nc6 7. Qe4 d5 8.
exd6 Qxd6 9. Bf4 Qe6 10. Nbd2 g6 11. Bd3 Na4 12. Nc4 Nc5 13. Qxe6 Nxd3+ 0-1

[Event "21.Wörishofen-Seniorenen op"]
[Site "Bad Wörishofen (03.03.-11.03)"]
[Date "2005.03.07"]
[Round "5.14"]
[White "Schmidt, Eugen[35Baden]"]
[Black "Rahn, Oskar"]
[Result "1-0"]
[WhiteElo "1882"]
[BlackElo "2000"]
[PlyCount "92"]
[EventDate "2005.03.??"]
[Source "Chessorg"]
[SourceDate "2005.12.10"]

1. e4 c5 2. Nf3 Nc6 3. d4 cxd4 4. Nxd4 Nf6 5. Nc3 e5 6. Ndb5 d6 7. Bg5 a6 8.
Na3 b5 9. Bxf6 gxf6 10. Nd5 Bg7 11. c3 f5 12. Bd3 Be6 13. Nc2 Bxd5 14. exd5 Ne7
15. O-O e4 16. Be2 O-O 17. Qd2 Qd7 18. Kh1 Ng6 19. f3 Rae8 20. fxe4 fxe4 21.
Ne3 f5 22. g3 Bh6 23. Qd4 Ne5 24. Ng2 Bg7 25. Qb6 Ra8 26. Qe3 Rf6 27. Nf4 Bh6
28. Qd4 Qe7 29. a4 bxa4 30. Rxa4 Rff8 31. Ne6 Rfb8 32. b4 Qf7 33. Rfa1 Ng6 34.
g4 f4 35. Qxe4 Qf6 36. Qd4 Qxd4 37. Nxd4 Bg7 38. Rd1 Be5 39. Nc6 Rb6 40. c4 Bc3
41. c5 Rb7 42. Rb1 Rd7 43. Rb3 Bf6 44. Bd3 Ne7 45. Nxe7+ Bxe7 46. c6 Rda7 1-0

[Event "21.Wörishofen-Seniorenen op"]
[Site "Bad Wörishofen (03.03.-11.03)"]
[Date "2005.03.07"]
[Round "5.15"]
[White "Delander, Adolf"]
[Black "Vorderbruegge, Franz-Josef"]
[Result "1-0"]
[WhiteElo "2030"]
[BlackElo "1729"]
[PlyCount "95"]
[EventDate "2005.03.??"]
[Source "Chessorg"]
[SourceDate "2005.12.10"]

1. d4 d5 2. Nf3 Nf6 3. c4 c6 4. Nc3 dxc4 5. a4 Na6 6. e3 Bg4 7. Bxc4 e6 8. h3
Bh5 9. O-O Nb4 10. Be2 Be7 11. Ne5 Bxe2 12. Qxe2 O-O 13. Rd1 c5 14. Nf3 Qc7 15.
e4 cxd4 16. Nxd4 Qe5 17. Nf3 Qh5 18. Bg5 h6 19. Bxf6 Bxf6 20. e5 Bg5 21. Qe4
Nc6 22. Rd7 Rab8 23. Rad1 Be7 24. Nb5 a6 25. Nbd4 Nxd4 26. Qxd4 Rfe8 27. Qa7
Qf5 28. Rxe7 Qc2 29. Rxe8+ Rxe8 30. Qd4 Rc8 31. Ne1 Qb3 32. Rd3 Qa2 33. Rc3 Rb8
34. Nd3 Qb1+ 35. Rc1 Qa2 36. Qc4 Qxc4 37. Rxc4 b5 38. axb5 axb5 39. Rc3 Kf8 40.
Kf1 Ke8 41. b4 Rd8 42. Ke2 Rd4 43. Ke3 Rd8 44. Rc5 Rb8 45. Nc1 Kd7 46. Nb3 f6
47. exf6 gxf6 48. Rh5 1-0

[Event "21.Wörishofen-Seniorenen op"]
[Site "Bad Wörishofen (03.03.-11.03)"]
[Date "2005.03.07"]
[Round "5.16"]
[White "Kraft, Hans"]
[Black "Moeckel, Edgar,Dr."]
[Result "1-0"]
[WhiteElo "2052"]
[BlackElo "1826"]
[PlyCount "61"]
[EventDate "2005.03.??"]
[Source "Chessorg"]
[SourceDate "2005.12.10"]

1. e4 c6 2. d4 d5 3. exd5 cxd5 4. c4 Nf6 5. Nc3 e6 6. Nf3 Bb4 7. cxd5 Nxd5 8.
Bd2 O-O 9. Bd3 b6 10. Qe2 Bb7 11. O-O Nc6 12. Rad1 Be7 13. a3 Re8 14. Rfe1 Bf6
15. Be4 Nce7 16. Qd3 g6 17. Ne5 Nxc3 18. bxc3 Bxe4 19. Qxe4 Qd5 20. Qf4 Bxe5
21. Rxe5 Qc4 22. Qf6 Qd3 23. h3 Nf5 24. Kh2 Qc2 25. Bf4 Red8 26. Rd2 Qb1 27. g4
Ng7 28. Bh6 Ne8 29. Qe7 Nd6 30. Rxe6 fxe6 31. Qg7# 1-0

[Event "21.Wörishofen-Seniorenen op"]
[Site "Bad Wörishofen (03.03.-11.03)"]
[Date "2005.03.07"]
[Round "5.17"]
[White "Harke, Horst"]
[Black "Aigner, Georg"]
[Result "1/2-1/2"]
[WhiteElo "1657"]
[BlackElo "1823"]
[PlyCount "65"]
[EventDate "2005.03.??"]
[Source "Chessorg"]
[SourceDate "2005.12.10"]

1. d4 d5 2. Nf3 Nf6 3. e3 c6 4. c4 e6 5. Qb3 Nbd7 6. Bd2 Be7 7. Nc3 O-O 8. Bd3
Re8 9. O-O Nf8 10. Rac1 Ng6 11. Qc2 dxc4 12. Bxc4 Nd5 13. Ne4 Bd7 14. Ne5 Nxe5
15. dxe5 Qc7 16. f4 Rf8 17. Bd3 g6 18. a3 f5 19. exf6 Nxf6 20. Ng5 Kg7 21. Bc3
Rh8 22. Bc4 Qb6 23. Rf3 c5 24. Qe4 Rad8 25. Nxe6+ Bxe6 26. Qxe6 Qxe6 27. Bxe6
Rd6 28. f5 Rhd8 29. g4 g5 30. e4 Rd1+ 31. Rf1 Rxf1+ 32. Rxf1 Kh6 33. Bxf6
1/2-1/2

[Event "21.Wörishofen-Seniorenen op"]
[Site "Bad Wörishofen (03.03.-11.03)"]
[Date "2005.03.07"]
[Round "5.19"]
[White "Mantzouneas, Nikolaos"]
[Black "Mueller, Manfred[42Senftenb]"]
[Result "0-1"]
[WhiteElo "1873"]
[BlackElo "1901"]
[PlyCount "68"]
[EventDate "2005.03.??"]
[Source "Chessorg"]
[SourceDate "2005.12.10"]

1. d4 Nf6 2. Nf3 e6 3. c4 d5 4. Nc3 Be7 5. Bg5 O-O 6. e3 b6 7. cxd5 exd5 8. Bd3
Bb7 9. Rc1 c5 10. O-O Nc6 11. Re1 c4 12. Bb1 Re8 13. Ne5 Nxe5 14. dxe5 Ne4 15.
Bxe7 Rxe7 16. f4 Nxc3 17. bxc3 Re6 18. Qg4 Qe7 19. Rf1 Rh6 20. Qg3 f6 21. exf6
Qxf6 22. Rfd1 Re8 23. Rd4 b5 24. Rf1 Qe7 25. Re1 Re6 26. Kf2 Qa3 27. f5 Rf6 28.
Rg4 Rf7 29. e4 dxe4 30. Bxe4 Bxe4 31. Rgxe4 Qc5+ 32. R4e3 Rxf5+ 33. Kg1 Rfe5
34. Kf2 a5 0-1

[Event "21.Wörishofen-Seniorenen op"]
[Site "Bad Wörishofen (03.03.-11.03)"]
[Date "2005.03.07"]
[Round "5.20"]
[White "Smits, Oswald"]
[Black "Klempt, Guenter"]
[Result "0-1"]
[WhiteElo "1714"]
[BlackElo "1943"]
[PlyCount "116"]
[EventDate "2005.03.??"]
[Source "Chessorg"]
[SourceDate "2005.12.10"]

1. d4 Nf6 2. Nf3 g6 3. Bf4 Bg7 4. Nbd2 d6 5. e4 O-O 6. Bc4 c5 7. dxc5 dxc5 8.
O-O Nc6 9. c3 Nh5 10. Be3 b6 11. Qc2 Bb7 12. Rad1 Qc7 13. Rfe1 Rad8 14. Nf1 Na5
15. Be2 Nf4 16. Ng3 Nxe2+ 17. Qxe2 Nc6 18. Rxd8 Rxd8 19. Rd1 Ne5 20. Rxd8+ Qxd8
21. Nxe5 Bxe5 22. f3 e6 23. Qd2 Qc8 24. Kf2 f5 25. f4 Bf6 26. e5 Bh4 27. Kg1
Qc6 28. b3 Kf7 29. Nf1 Ke8 30. h3 Be7 31. Nh2 b5 32. Nf3 a5 33. a3 h6 34. Kh2
Qe4 35. Qf2 Qd5 36. Qe1 Kf7 37. Kg1 Bc6 38. Kh2 Bb7 39. Kg1 Ba6 40. Kh2 Ke8 41.
Kg1 b4 42. axb4 axb4 43. c4 Qc6 44. Qf2 Bb7 45. Qc2 Qa6 46. Nd2 g5 47. Nf3 Be4
48. Qe2 Qa1+ 49. Kh2 Qc3 50. fxg5 hxg5 51. Bxg5 Bxf3 52. Qxf3 Qxf3 53. gxf3
Bxg5 54. Kg3 Kf7 55. f4 Be7 56. Kf3 Kg6 57. Kg2 Kh5 58. Kf3 Bf8 0-1

[Event "21.Wörishofen-Seniorenen op"]
[Site "Bad Wörishofen (03.03.-11.03)"]
[Date "2005.03.07"]
[Round "5.21"]
[White "Bernhoeft, Erhard"]
[Black "Bierbach, Utz-Friedrich"]
[Result "1/2-1/2"]
[WhiteElo "1922"]
[BlackElo "1745"]
[PlyCount "41"]
[EventDate "2005.03.??"]
[Source "Chessorg"]
[SourceDate "2005.12.10"]

1. Nf3 Nf6 2. g3 d6 3. d4 c6 4. Bg2 Nbd7 5. Nbd2 e5 6. e3 Qc7 7. c4 Be7 8. Qc2
O-O 9. b3 Re8 10. O-O Nf8 11. Bb2 Ng6 12. h3 Bf8 13. Rfe1 Bd7 14. Rad1 Rad8 15.
Bc3 b6 16. dxe5 dxe5 17. Ne4 Nxe4 18. Qxe4 f5 19. Qc2 e4 20. Nd4 a6 21. Ne2
1/2-1/2

[Event "21.Wörishofen-Seniorenen op"]
[Site "Bad Wörishofen (03.03.-11.03)"]
[Date "2005.03.07"]
[Round "5.22"]
[White "Reinke, Kurt[39Benrath]"]
[Black "Frantzke, Helmut"]
[Result "1-0"]
[WhiteElo "1835"]
[BlackElo "1774"]
[PlyCount "99"]
[EventDate "2005.03.??"]
[Source "Chessorg"]
[SourceDate "2005.12.10"]

1. d4 g6 2. c4 c6 3. Nc3 d5 4. e3 Nf6 5. Nf3 Bg4 6. h3 Bxf3 7. Qxf3 e6 8. Bd3
Bg7 9. O-O O-O 10. c5 Nbd7 11. Bd2 e5 12. Qd1 e4 13. Be2 Ne8 14. f3 f5 15. fxe4
fxe4 16. b4 a6 17. Rxf8+ Nxf8 18. a4 b6 19. cxb6 Qxb6 20. a5 Qc7 21. Rc1 Qg3
22. Qf1 Nc7 23. Nd1 Qd6 24. Nf2 Nb5 25. Ng4 Rc8 26. Bxb5 axb5 27. Qe2 h5 28.
Nf2 Ne6 29. Nh1 Rf8 30. Rf1 Bf6 31. Be1 Kg7 32. Qd2 h4 33. Qe2 Qe7 34. Nf2 Nxd4
35. exd4 Bxd4 36. Qg4 Qf6 37. Qe2 Qf4 38. a6 Rf7 39. Kh1 e3 40. Kg1 exf2+ 41.
Bxf2 Be3 42. g3 hxg3 43. Bxe3 Qxb4 44. Rxf7+ Kxf7 45. a7 Qa4 46. Qg4 Qa1+ 47.
Kg2 Qa2+ 48. Kf3 d4 49. Qd7+ Kf6 50. Qxc6+ 1-0